Normal view
MARC view
- Muniba Saleem
Entry Personal Name
001 - CONTROL NUMBER
- control field: 15531
003 - CONTROL NUMBER IDENTIFIER
- control field: NUST
005 - DATE AND TIME OF LATEST TRANSACTION
- control field: 20190625094845.0
008 - FIXED-LENGTH DATA ELEMENTS
- fixed length control field: 190625|| aca||aabn | a|a d
040 ## - CATALOGING SOURCE
- Original cataloging agency: NUST
- Transcribing agency: NUST
100 ## - HEADING--PERSONAL NAME
- Personal name: Muniba Saleem
670 ## - SOURCE DATA FOUND
- Source citation: Work cat.: (NUST): Muniba Saleem, Detection of Hemorrhages and Whitening for Diagnosis of malarial Retinopathy / , 2014.
